Science Quiz

Random Science or Animal Quiz

Marsupials Quiz Stats

 Plays Quiz Updated Dec 22, 2011

Also try: Primates
Challenge
Share
Tweet
Score 0/15 Timer 04:00
0 Plays Today
# Marsupial % Correct
Column 4Kangaroo
97.4%
Column 3Koala
96.1%
Column 1Opossum
75.4%
Column 1Wombat
67%
Column 5Wallaby
56.1%
Column 5Tasmanian Devil
55.5%
Column 4Thylacine*
22.9%
Column 4Sugar Glider
22.5%
# Marsupial % Correct
Column 2Bandicoot
10.2%
Column 2Numbat
7.2%
Column 3Bilby
7.2%
Column 3Quoll
5.8%
Column 1Antechinus
2.2%
Column 2Potoroo
2%
Column 5Monito del monte
1.6%

You're not logged in!

Compare scores with friends on all Sporcle quizzes.
Join for Free
OR
Log In

You Might Also Like...

Show Comments

Extras

Top Quizzes Today


Score Distribution

Your Account Isn't Verified!

In order to create a playlist on Sporcle, you need to verify the email address you used during registration. Go to your Sporcle Settings to finish the process.

Report this User

Report this user for behavior that violates our Community Guidelines.

Details: